El general José de San Martín : (Registro nro. 4282)
[ vista simple ]
| 000 -LEADER | |
|---|---|
| fixed length control field | 01088nam a2200241Ia 4500 |
| 003 - CONTROL NUMBER IDENTIFIER | |
| control field | OSt |
| 005 - DATE AND TIME OF LATEST TRANSACTION | |
| control field | 20200930152119.0 |
| 008 - FIXED-LENGTH DATA ELEMENTS--GENERAL INFORMATION | |
| fixed length control field | 191128s1993 ck ao gr 000 0dspa d |
| 040 ## - CATALOGING SOURCE | |
| Original cataloging agency | CO-JMCR |
| Transcribing agency | CO-JMCR |
| 041 0# - LANGUAGE CODE | |
| Language code of text/sound track or separate title | spa |
| 082 04 - DEWEY DECIMAL CLASSIFICATION NUMBER | |
| Classification number | 923.582 / |
| Item number | C371g |
| Edition number | 23 |
| 100 1# - MAIN ENTRY--PERSONAL NAME | |
| Personal name | Cacua Prada, Antonio, |
| Relator term | autor |
| 9 (RLIN) | 10932 |
| 245 13 - TITLE STATEMENT | |
| Title | El general José de San Martín : |
| Remainder of title | libertador del sur / |
| Statement of responsibility, etc. | Antonio Cacua Prada |
| 260 ## - PUBLICATION, DISTRIBUTION, ETC. | |
| Place of publication, distribution, etc. | Bogotá : |
| Name of publisher, distributor, etc. | Universidad Central, |
| Date of publication, distribution, etc. | 1993 |
| 300 ## - PHYSICAL DESCRIPTION | |
| Extent | 204 páginas : |
| Other physical details | fotografías a blanco y negro ; |
| Dimensions | 21 cm. |
| 500 ## - GENERAL NOTE | |
| General note | Incluye datos biográficos del autor en solapa posterior. |
| 504 ## - BIBLIOGRAPHY, ETC. NOTE | |
| Bibliography, etc. note | Bibliografía: páginas 187-200 |
| 505 0# - FORMATTED CONTENTS NOTE | |
| Formatted contents note | El general San Martín libertador del sur -- Acontecimientos en Chile --La batalla de Chacabuco -- La victoria de Maipú -- La expedición al Perú -- Independencia de Guayaquil -- La entrevista de Guayaquil -- De regreso a Lima -- El exilio en Europa |
| 600 14 - SUBJECT ADDED ENTRY--PERSONAL NAME | |
| Personal name | San Martín, José de, |
| Chronological subdivision | 1778-1850 |
| 9 (RLIN) | 11039 |
| 650 14 - SUBJECT ADDED ENTRY--TOPICAL TERM | |
| Topical term or geographic name entry element | Acontecimientos |
| Geographic subdivision | Chile |
| 9 (RLIN) | 11040 |
| 650 14 - SUBJECT ADDED ENTRY--TOPICAL TERM | |
| Topical term or geographic name entry element | Independencia |
| Geographic subdivision | Guayaquil |
| 9 (RLIN) | 11041 |
| 942 ## - ADDED ENTRY ELEMENTS (KOHA) | |
| Source of classification or shelving scheme | Dewey Decimal Classification |
| Koha item type | Books |
| Withdrawn status | Lost status | Source of classification or shelving scheme | Damaged status | Not for loan | Collection code | Home library | Current library | Date acquired | Source of acquisition | Full call number | Barcode | Date last seen | Copy number | Koha item type |
|---|---|---|---|---|---|---|---|---|---|---|---|---|---|---|
| Dewey Decimal Classification | Non-fiction | Biblioteca Pública José María del Castillo y Rada | Biblioteca Pública José María del Castillo y Rada | 12/01/2017 | Donación | 923.582 / C371g | 201809117 | 05/16/2024 | Ej.1 | Books |